[Event "Petroupoli ASOP Dias Seniors op"]
[Site "Petroupoli"]
[Date "2014.05.10"]
[Round "7.16"]
[White "Koutsounis, Vasilios"]
[Black "Vesdekis, Konstantinos"]
[Result "1-0"]
[WhiteElo "1360"]
[BlackElo "1005"]
[PlyCount "101"]
[EventDate "2014.03.22"]
[EventType "swiss"]
[EventRounds "7"]
[EventCountry "GRE"]
[SourceTitle "EXT 2024"]
[Source "ChessBase"]
[SourceDate "2023.10.10"]
[SourceVersion "1"]
[SourceVersionDate "2023.10.10"]
[SourceQuality "1"]

1. Nf3 c5 2. g3 d6 3. Bg2 Nf6 4. d3 g6 5. 0-0 Bg7 6. Nbd2 0-0 7. e4 Nc6 8. c3 Bg4 9. h3 Bxf3 10. Nxf3 e5 11. Be3 Qd7 12. Qd2 Rad8 13. Rad1 b6 14. Bh6 d5 15. Bxg7 Kxg7 16. Qe2 d4 17. c4 Rfe8 18. Nh2 Re7 19. f4 Nh5 20. Qe1 Nb4 21. Ng4 exf4 22. gxf4 f5 23. Ne5 Qc7 24. exf5 Nc2 25. Qh4 Ne3 26. Nc6 Nxg2 27. Qxe7+ Qxe7 28. Nxe7 Ne3 29. fxg6 Nxd1 30. Rxd1 Nxf4 31. gxh7 Nxh3+ 32. Kg2 Ng5 33. Kf2 Nxh7 34. Rg1+ Kf6 35. Nd5+ Ke5 36. Rg7 Rf8+ 37. Ke2 Nf6 38. Nxf6 Kxf6 39. Rxa7 Re8+ 40. Kd2 Rb8 41. Ra6 Ke6 42. b3 Kd7 43. Kc2 b5 44. Ra7+ Kc8 45. Ra5 Kc7 46. Rxb5 Ra8 47. Rxc5+ Kb6 48. Rb5+ Kc6 49. a4 Ra6 50. Rd5 Ra7 51. Rxd4 1-0

[Event "Petroupoli ASOP Dias Seniors op"]
[Site "Petroupoli"]
[Date "2014.03.29"]
[Round "2.16"]
[White "Koutsounis, Vasilios"]
[Black "Gourgourinis, Ioannis"]
[Result "1-0"]
[WhiteElo "1360"]
[BlackElo "1000"]
[PlyCount "83"]
[EventDate "2014.03.22"]
[EventType "swiss"]
[EventRounds "7"]
[EventCountry "GRE"]
[SourceTitle "EXT 2024"]
[Source "ChessBase"]
[SourceDate "2023.10.10"]
[SourceVersion "1"]
[SourceVersionDate "2023.10.10"]
[SourceQuality "1"]

1. e4 Nf6 2. e5 Nd5 3. d4 b6 4. Bc4 Bb7 5. Nf3 h6 6. 0-0 e6 7. a3 Be7 8. Bd3 Bg5 9. Nbd2 d6 10. Ne4 Bxc1 11. Qxc1 Bc6 12. Re1 Rg8 13. c4 Ne7 14. Bf1 d5 15. Ng3 g5 16. Nh5 Nd7 17. cxd5 Bxd5 18. Bc4 Bxf3 19. gxf3 Nf5 20. Re4 Nh4 21. Qe3 Qe7 22. Kh1 0-0-0 23. Rg1 Rdf8 24. Reg4 f5 25. exf6 Qd6 26. Bxe6 Rg6 27. Rxh4 Re8 28. Re4 Rd8 29. Bf7 Nxf6 30. Bxg6 Nxe4 31. Qxe4 Rf8 32. Bf5+ Kb8 33. h3 Rd8 34. Bg4 a5 35. Rc1 c5 36. dxc5 bxc5 37. Qe2 Kb7 38. Qb5+ Qb6 39. Qxc5 Rd1+ 40. Kg2 Rxc1 41. Qxc1 a4 42. Qe3 1-0

[Event "Petroupoli-ch"]
[Site "Petropouli"]
[Date "2014.02.01"]
[Round "2"]
[White "Katsiampas, Efthymios"]
[Black "Koutsounis, Vasilios"]
[Result "1-0"]
[WhiteElo "1000"]
[BlackElo "1359"]
[PlyCount "87"]
[EventDate "2014.01.25"]
[EventType "swiss"]
[EventRounds "7"]
[EventCountry "GRE"]
[SourceTitle "EXT 2015"]
[Source "ChessBase"]
[SourceDate "2014.11.20"]
[SourceVersion "1"]
[SourceVersionDate "2014.11.20"]
[SourceQuality "1"]

1. d4 d5 2. c4 e6 3. Nc3 Nf6 4. Bg5 Nc6 5. e3 Be7 6. Nf3 0-0 7. Bd3 h6 8. Bh4 b6 9. 0-0 Bb7 10. Bxf6 Bxf6 11. cxd5 exd5 12. Rc1 a6 13. Bb1 Ne7 14. Qc2 Ng6 15. Ne2 Re8 16. Qxc7 Qxc7 17. Rxc7 Rab8 18. Bxg6 fxg6 19. Rfc1 Rec8 20. Nf4 Rxc7 21. Rxc7 Rc8 22. Rxc8+ Bxc8 23. Nxg6 b5 24. Kf1 Kf7 25. Nge5+ Kg8 26. Ke2 Bf5 27. Nd3 Kf7 28. a3 Bd8 29. Nfe5+ Kf6 30. Nf4 Be6 31. Nxe6 Kxe6 32. Nd3 Ke7 33. f3 a5 34. b4 axb4 35. axb4 Kd6 36. Nc5 Be7 37. Nd3 Ke6 38. e4 g5 39. Ke3 Bf8 40. g4 Be7 41. e5 Bf8 42. f4 gxf4+ 43. Nxf4+ Kf7 44. Nxd5 1-0

[Event "Petroupoli op 3rd"]
[Site "Petroupoli"]
[Date "2012.03.17"]
[Round "3"]
[White "Karousos Theodorakis, Nikolaos"]
[Black "Koutsounis, Vasilios"]
[Result "1-0"]
[WhiteElo "1606"]
[BlackElo "1405"]
[PlyCount "91"]
[EventDate "2012.03.10"]
[EventType "swiss"]
[EventRounds "7"]
[EventCountry "GRE"]
[SourceTitle "CBM 147 Extra"]
[Source "ChessBase"]
[SourceDate "2012.04.24"]
[SourceVersion "1"]
[SourceVersionDate "2012.04.24"]
[SourceQuality "1"]

1. e4 c5 2. Nf3 d6 3. d4 cxd4 4. Nxd4 Nf6 5. Nc3 a6 6. Be3 e5 7. Nb3 Be6 8. f3 Be7 9. Qd2 Nc6 10. Be2 b5 11. Nd5 0-0 12. g4 Nd7 13. 0-0-0 Nc5 14. Nxe7+ Qxe7 15. Qxd6 Nxb3+ 16. axb3 Qxd6 17. Rxd6 Na5 18. Kb1 Rfd8 19. Rxd8+ Rxd8 20. Bb6 Rd2 21. Bxb5 axb5 22. Bxa5 Rd7 23. Kc1 f6 24. Rd1 Ra7 25. b4 Bc4 26. Rd2 Bf1 27. h4 Bc4 28. b3 Be6 29. h5 Ra8 30. Rd6 Kf7 31. Rb6 Rc8 32. Rb7+ Kf8 33. Kd2 Rc6 34. Rxb5 Rd6+ 35. Ke2 Rc6 36. Rc5 Ra6 37. c4 Ra8 38. Rc7 h6 39. Ke3 Ra6 40. Rb7 Rd6 41. Rb6 Ke7 42. Rxd6 Kxd6 43. b5 Kd7 44. Bb4 Ke8 45. c5 Bc8 46. c6 1-0

[Event "Petroupoli op 7th"]
[Site "Petroupoli"]
[Date "2011.11.30"]
[Round "6"]
[White "Koutsounis, Vasilios"]
[Black "Georgopoulou, Eytyhia"]
[Result "0-1"]
[WhiteElo "1444"]
[BlackElo "1638"]
[PlyCount "71"]
[EventDate "2011.11.12"]
[EventType "swiss"]
[EventRounds "7"]
[EventCountry "GRE"]
[SourceTitle "EXT 2013"]
[Source "ChessBase"]
[SourceDate "2012.11.22"]
[SourceVersion "1"]
[SourceVersionDate "2012.11.22"]
[SourceQuality "1"]

1. Nf3 c5 2. g3 Nc6 3. Bg2 d5 4. 0-0 Nf6 5. d3 Bg4 6. Nbd2 Qd7 7. Re1 Bh3 8. e4 Bxg2 9. Kxg2 e6 10. e5 Ng8 11. c4 Nge7 12. Nf1 0-0-0 13. Bf4 h6 14. a3 g5 15. Bd2 Nf5 16. h3 Be7 17. b4 cxb4 18. axb4 dxc4 19. b5 Ncd4 20. Rxa7 Qxb5 21. dxc4 Qxc4 22. Qc1 Qc6 23. Qxc6+ Nxc6 24. Ra8+ Kc7 25. Ra4 Bc5 26. Be3 Rd5 27. Bxc5 Rxc5 28. N1d2 Rd8 29. Nb3 Rcd5 30. Raa1 Nfd4 31. Nfxd4 Nxd4 32. Nxd4 Rxd4 33. Rac1+ Kd7 34. Rcd1 Ke7 35. Rxd4 Rxd4 36. Rb1 0-1

[Event "Petroupoli op 7th"]
[Site "Petroupoli"]
[Date "2011.11.19"]
[Round "3"]
[White "Koutsounis, Vasilios"]
[Black "Anairousis, Panagiotis"]
[Result "0-1"]
[WhiteElo "1444"]
[BlackElo "1950"]
[PlyCount "54"]
[EventDate "2011.11.12"]
[EventType "swiss"]
[EventRounds "7"]
[EventCountry "GRE"]
[SourceTitle "EXT 2013"]
[Source "ChessBase"]
[SourceDate "2012.11.22"]
[SourceVersion "1"]
[SourceVersionDate "2012.11.22"]
[SourceQuality "1"]

1. Nf3 b5 2. g3 Bb7 3. Bg2 g5 4. 0-0 e6 5. d3 Be7 6. e4 h5 7. b3 h4 8. Bb2 Bf6 9. Bxf6 Qxf6 10. Nbd2 Nc6 11. Qe1 Nge7 12. e5 Qg7 13. Ne4 0-0-0 14. Nexg5 Rh5 15. d4 Rxg5 16. Nxg5 Qxg5 17. Qe3 Rg8 18. Qxg5 Rxg5 19. c3 b4 20. f4 Rg7 21. Rac1 hxg3 22. h3 bxc3 23. Rxc3 Nxd4 24. Bxb7+ Kxb7 25. Kg2 Nef5 26. Rd3 Nh4+ 27. Kg1 Ne2+ 0-1

[Event "Petroupoli op 6th"]
[Site "Petroupoli"]
[Date "2011.10.19"]
[Round "2"]
[White "Nemtsas, Hristoforos"]
[Black "Koutsounis, Vasilios"]
[Result "1-0"]
[WhiteElo "1863"]
[BlackElo "1454"]
[PlyCount "109"]
[EventDate "2011.10.15"]
[EventType "swiss"]
[EventRounds "7"]
[EventCountry "GRE"]
[SourceTitle "EXT 2013"]
[Source "ChessBase"]
[SourceDate "2012.11.22"]
[SourceVersion "1"]
[SourceVersionDate "2012.11.22"]
[SourceQuality "1"]

1. d4 Nf6 2. c4 g6 3. Nc3 Bg7 4. e4 d6 5. Be2 Nbd7 6. Bg5 0-0 7. Qd2 e6 8. f4 Qe8 9. e5 dxe5 10. fxe5 Nh5 11. g4 f6 12. Be3 fxe5 13. gxh5 gxh5 14. Nf3 exd4 15. Bxd4 Bxd4 16. Qxd4 e5 17. Qd5+ Qf7 18. Rg1+ Kh8 19. Qxf7 Rxf7 20. Ng5 Re7 21. Nd5 Rg7 22. Bxh5 c6 23. Nf7+ Kg8 24. Nh6+ Kh8 25. Rxg7 Kxg7 26. Nf5+ Kf8 27. Nc7 Rb8 28. Ne6+ Kg8 29. Nh6+ Kh8 30. Nf7+ Kg8 31. Ke2 Nf8 32. Nh6+ Kh8 33. Nxf8 Kg7 34. Rg1+ Kxh6 35. Bf7 Bg4+ 36. Rxg4 Rxf8 37. Be6 Rf6 38. Bc8 b6 39. Re4 Rg6 40. Kf3 Rf6+ 41. Kg3 Rf4 42. Rxf4 exf4+ 43. Kxf4 c5 44. Ke5 Kg7 45. Kd6 Kf7 46. Kc6 Ke7 47. Kb7 Kd8 48. Bf5 h6 49. h4 a5 50. Kxb6 a4 51. Kxc5 Kc7 52. b4 axb3 53. axb3 Kb7 54. Kd6 Kb8 55. c5 1-0